书目信息 |
| 题名: |
中国税法法治进展与前景
|
|
| 作者: | 胡天龙 著 | |
| 分册: | ||
| 出版信息: | 北京 人民日报出版社 2015 |
|
| 页数: | 325页 | |
| 开本: | 24cm | |
| 丛书名: | ||
| 单 册: | ||
| 中图分类: | D922.220.4 | |
| 科图分类: | ||
| 主题词: | 税法--Shui Fa--研究--中国 | |
| 电子资源: | ||
| ISBN: | 978-7-5115-3229-9 | |
| 000 | 00989nam0 22002531 450 | |
| 001 | 349968 | |
| 005 | 20161008165530.95 | |
| 010 | @a978-7-5115-3229-9@dCNY63.00 | |
| 100 | @a20150924d2015 em y0chiy50 ea | |
| 101 | 0 | @aeng@gchi |
| 102 | @aCN@b110000 | |
| 105 | @ay z 000yy | |
| 106 | @ar | |
| 200 | 1 | @a中国税法法治进展与前景@AZhong Guo Shui Fa Fa Zhi Jin Zhan Yu Qian Jing@dPost-WTO China tax law system reform and the rule of law progress and prospects@f胡天龙著@zeng |
| 210 | @a北京@c人民日报出版社@d2015 | |
| 215 | @a325页@d24cm | |
| 300 | @a人民日报学术文库 | |
| 330 | @a本书基于国际税收竞争和合作的背景,对中国入世以来的税收法律制度进行观察和详细梳理,为将来的发展和改革方向提出建议。 | |
| 510 | 1 | @aPost-WTO China tax law system reform and the rule of law progress and prospects@zeng |
| 606 | 0 | @a税法@AShui Fa@x研究@y中国 |
| 690 | @aD922.220.4@v5 | |
| 701 | 0 | @a胡天龙@AHu Tian Long@4著 |
| 801 | 0 | @aCN@bTANGWEI@20160802 |
| 905 | @b0887665-9@dD922.220.4@e1307@f5 | |
| 中国税法法治进展与前景=Post-WTO China tax law system reform and the rule of law progress and prospects/胡天龙著.-北京:人民日报出版社,2015 |
| 325页;24cm |
| 人民日报学术文库 |
| ISBN 978-7-5115-3229-9:CNY63.00 |
| 本书基于国际税收竞争和合作的背景,对中国入世以来的税收法律制度进行观察和详细梳理,为将来的发展和改革方向提出建议。 |
| ● |
| 相关链接 |
|
|
|
|
正题名:中国税法法治进展与前景
索取号:D922.220.4/1307
 
预约/预借
| 序号 | 登录号 | 条形码 | 馆藏地/架位号 | 状态 | 备注 |
| 1 | 0887665 | 208876652 | 第一样本阅览室/ [索取号:D922.220.4/1307] | 在馆 | |
| 2 | 0887666 | 208876661 | 第一借阅区/ [索取号:D922.220.4/1307] | 在馆 | |
| 3 | 0887667 | 208876670 | 第一借阅区/ [索取号:D922.220.4/1307] | 在馆 | |
| 4 | 0887668 | 208876689 | 第一借阅区/ [索取号:D922.220.4/1307] | 在馆 | |
| 5 | 0887669 | 208876698 | 密集书库-史法系/ [索取号:D922.220.4/1307] | 在馆 |